| 000 | 02635ntaaa2200397 4500 | ||
|---|---|---|---|
| 003 | 01 | ||
| 005 | 20251027203334.0 | ||
| 008 | 0714s1973 ag 01 | ||
| 020 | _a9789876917384 | ||
| 040 |
_aAR-BaBN _bspa _cAR-BaBN _eaacr _dRIC |
||
| 082 | _a306.6 Al3i | ||
| 245 |
_aLa institución como proceso / _ceditado por Joaquín Algranti, Mariela Mosqueira, y Damián Setton |
||
| 260 |
_aBuenos Aires : _bEdit. Biblos, _cc2019 |
||
| 300 |
_a193 p. ; _c23 cm. |
||
| 490 | _aSociedad y religión | ||
| 500 | _aSubtítulo: Configuraciones de lo religioso en las sociedades contemporáneas | ||
| 500 | _aRealizado en el marco del Programa Sociedad, Cultura y Religión del CEIL-Conicet | ||
| 500 | _aIncluye bibliografía al final de cada capítulo | ||
| 505 |
_tPrólogo. Instituciones sociorreligiosas en movimiento y recomposición / _rMallimaci, Fortunato |
||
| 505 |
_tIntroducción. Pensar sin Iglesias: el hecho institucional como problema de estudio / _rAlgranti, Joaquín |
||
| 505 |
_t"De new age y de energía, mejor ni hablar": espacios de formación y construcción de narrativas de terapeutas alternativos en contextos hospitalarios / _rSaizar, Mercedes |
||
| 505 |
_tAdicciones y terapéuticas en el mundo evangélico carcelario: aproximaciones a partir de un estudio de caso en Chile / _rBahamondes González, Luis |
||
| 505 |
_tUsos terapéutico-espirituales de la ayahuasca en Uruguay / _rScuro, Juan |
||
| 505 |
_tEspíritus, biblias y remedios: sentidos prácticos de la sanación en el Chaco indígena argentino / _rCeriani Cernadas, César |
||
| 505 |
_tCuerpos, objetos y reliquias en el movimiento Sai Baba: apuntes sobre la materialidad de lo sagrado / _rPuglisi, Rodolfo |
||
| 505 |
_tEtnicidad y religión en la formación de fronteras de pertenencia: las comunidades judías de México y Panamá / _rSiebzehner, Batia |
||
| 505 |
_tCepas, caminos y colores nacionales: lo que la gente escucha, ve y vive, estudiando la transnacionalización afro-religiosa en el cono sur / _rBem, Francisco de |
||
| 505 |
_tReligión y mercado: estrategias de gestión de signos religiosos en bienes de consumo / _rAlves, Daniel |
||
| 505 |
_tLa iglesia católica y los procesos de aculturación en el Renacimiento del siglo XII / _rJakubecki, Natalia |
||
| 505 |
_tPrácticas religiosas en perspectiva comparativa: espacios sociales, sensibilidades e institución en el catolicismo en Argentina / _rGiménez Béliveau, Verónica |
||
| 650 |
_aRELIGION _94974 |
||
| 700 |
_aAlgranti, Joaquín _eeditor |
||
| 700 |
_aMosqueira, Mariela _eeditor _937121 |
||
| 700 |
_aSetton, Damián _eeditor _937122 |
||
| 942 | _cBK | ||
| 999 |
_c28877 _d28877 |
||